Presidentes de la 1ª y 2ª Republica Española - Estadísticas

Estadísticas generales
  • Esta prueba ha sido intentada 17 veces
  • La puntuación promedio es 11 de 21
Estadísticas de respuestas
Hint Respuesta % Correcto
Octubre 1931 - Septiembre 1933 Manuel Azaña
100%
Febrero 1936 - Mayo 1936 Manuel Azaña
100%
Abril 1931 - Octubre 1931 Niceto Alcalá Zamora
80%
Septiembre 1933 - Octubre 1933 Alejandro Lerroux
73%
Diciembre 1933 - Abril 1934 Alejandro Lerroux
73%
Octubre 1934 - Septiembre 1935 Alejandro Lerroux
73%
Junio 1873 - Julio 1873 Francisco Pi y Margall
73%
Mayo 1937 - Marzo 1939 Juan Negrín
73%
Julio 1873 - Septiembre 1873 Nicolás Salmerón
67%
Septiembre 1936 - Mayo 1937 Francisco Largo Caballero
60%
Septiembre 1873 - Enero 1874 Emilio Castelar
53%
Febrero 1873 - Junio 1873 Estanislao Figueras
53%
Mayo 1936 - Julio 1936 Santiago Casares Quiroga
53%
Octubre 1933 - Diciembre Diego Martínez Barrio
33%
Julio 1936 (unas horas) Diego Martínez Barrio
33%
Enero 1874 - Diciembre 1874 Francisco Serrano
33%
Julio 1936 - Septiembre 1936 José Giral
27%
Mayo 1936 (3 días) Augusto Barcia Trelles
7%
Septiembre 1935 - Diciembre 1935 Joaquín Chapaprieta
7%
Abril 1934 - Octubre 1934 Ricardo Samper
7%
Diciembre 1935 - Febrero 1936 Manuel Portela Valladares
0%
No se encontraron pruebas coincidentes
Distribución de puntuación
Porcentaje de gente con cada puntuación
Porcentaje por número respondido
Historial de tus puntuaciones
No has intentado esta prueba.